| 000 | 01121nam a22002537a 4500 | ||
|---|---|---|---|
| 999 |
_c61536 _d61536 |
||
| 005 | 20240530110504.0 | ||
| 008 | 150920s2013 ua adekg b 000 0 ara d | ||
| 017 |
_a13228 _bمصر . دار الكتب المصرية |
||
| 020 | _a9789773684600 | ||
| 040 | _aEG-CaGPL | ||
| 082 | 0 | 4 |
_221 _a027.8/ _bأ د |
| 100 | 0 | _aاحمد محمد احمد الديب | |
| 245 | 1 | 0 |
_aدليل عمل : _bالانشطة الثقافية - السجلات - الملفات - لاخصائى المكتبات المدرسية و مراكز مصادر التعلم / _cاحمد محمد احمد الديب |
| 250 | _aط1 | ||
| 260 |
_aالاسكندرية : _bمؤسسة حورس الدولية ، _c2013 . |
||
| 300 |
_a211 ص : _bايض ؛ _c24 سم . |
||
| 504 | _aيشتمل على ارجاعات ببليوجرافية | ||
| 650 | 0 | 4 | _aالمكتبات المدرسية |
| 650 | 0 | 4 | _aالخدمة المكتبية |
| 650 | 0 | 4 |
_aالمكتبات المدرسية _xتنظيم و ادارة |
| 650 | 0 | 4 |
_aالمكتبات المدرسية _xانشطة |
| 650 | 0 | 4 |
_aالمكتبات المدرسية _xسجلات |
| 942 |
_2ddc _cBK |
||